LEADER 01038nam0-22003251i-450- 001 990000507580403321 005 20090216135435.0 010 $a0-306-10942-5 035 $a000050758 035 $aFED01000050758 035 $a(Aleph)000050758FED01 035 $a000050758 100 $a20020821d1977----km-y0itay50------ba 101 1 $aeng$crus 105 $aa-------001yy 200 1 $aTemporal characteristics of laser pulses and interaction of laser radiation with matter$fedited by N. G. Basov 210 $aNew York ; London$cConsultants Bureau$dc1977 215 $a197 p.$cill.$d28 cm 225 1 $aProceedings (Trudy) of the P.N. Lebedev Physics Institute$v84 610 0 $aFascio laser 610 0 $aElettronica quantistica 610 0 $aCristalli$aEffetto radiazioni 676 $a621.366 700 1$aBasov,$bN. G.$g 801 0$aIT$bUNINA$gRICA$2UNIMARC 901 $aBK 912 $a990000507580403321 952 $a10 B III 324$bCNR L/29$fDINEL 959 $aDINEL 997 $aUNINA LEADER 01408nam--2200445---450- 001 990000311640203316 005 20160912172218.0 010 $a88-348-0315-9 035 $a0031164 035 $aUSA010031164 035 $a(ALEPH)000031164USA01 035 $a0031164 100 $a20001211d2000----km-y0itay0103----ba 101 $ait 102 $aITA 105 $a||||||||001yy 200 1 $a<> pelle contesa$fAlberto Grandi 210 $aTorino$cG. Giappichelli Editore$d2000 215 $aXIV, 194 p.$d22 cm 225 2 $aUniversità degli Studi di Parma. Facoltà di Economia 410 $12001$aUniversità degli Studi di Parma. Facoltà di Economia 461 1$1001-------$12001 606 0 $aConcia$xIndustria$xStoria 676 $a338.4767520945 700 1$aGRANDI,$bAlberto$0542370 801 0$aIT$bsalbc$gISBD 912 $a990000311640203316 951 $a338.476 GRA 1 (IRA 18 86)$b8484/EC$cIRA 18$d00007078 959 $aBK 969 $aECO 979 $aPATTY$b90$c20001211$lUSA01$h1043 979 $aPATTY$b90$c20001211$lUSA01$h1757 979 $aPATTY$b90$c20001214$lUSA01$h1446 979 $aPATTY$b90$c20001214$lUSA01$h1446 979 $c20020403$lUSA01$h1639 979 $aPATRY$b90$c20040406$lUSA01$h1622 979 $aRSIAV1$b90$c20090105$lUSA01$h1308 979 $aANDRIA$b90$c20160912$lUSA01$h1722 996 $aPelle contesa$9879415 997 $aUNISA